|
|
|
|
| LEADER |
00927nab a2200181 i 4500 |
| 001 |
misc47108 |
| 005 |
20250227122502.0 |
| 008 |
210208s1937 hu o 000 hun d |
| 040 |
|
|
|a SZTE Miscellanea Repozitórium
|b hun
|
| 041 |
|
|
|a hun
|
| 245 |
0 |
0 |
|a Szent-Györgyi professzort meghívták Amerikába
|h [elektronikus dokumentum] :
|b a Nobel-díjas professzor és Szeged örök egybeforradásáról beszélt ma a szegedi rektor doktoravató beszédében
|
| 260 |
|
|
|c 1937-10-31
|
| 300 |
|
|
|a 5
|
| 300 |
|
|
|a Szent-Györgyi Albert Nobel-díja az 1937/38-as sajtóhíradások tükrében : újságkivágat-album, f. 9r.
|
| 490 |
0 |
|
|a Magyarország : független politikai napilap
|v 44 No. 248
|
| 561 |
|
|
|a Szent-Györgyi Albert újságkivágat-album
|
| 695 |
|
|
|a Szent-Györgyi Albert, Nobel-díj - 1937, Klebelsberg Kuno - kultuszminiszter, Gelei József - rektor
|
| 856 |
4 |
0 |
|u http://misc.bibl.u-szeged.hu/47108/1/009_005.pdf
|z Dokumentum-elérés
|